| 000 | 00566nam a22001937a 4500 | ||
|---|---|---|---|
| 003 | OSt | ||
| 005 | 20151028172032.0 | ||
| 008 | 151028b xxu||||| |||| 00| 0 eng d | ||
| 020 | _a9780702055386 | ||
| 040 | _cDNLM | ||
| 082 | _aWU300 A64d 2011 | ||
| 100 |
_aedited by David, Ricketts; David, Bartlett _95916 |
||
| 245 |
_aAdvanced operative dentistry: _ba practical approach |
||
| 260 |
_aEdinburgh; _bChurchill, _c2011 |
||
| 300 |
_axi,264p; _bcol.ill: _c24.5cm |
||
| 504 | _aReferences, & index included | ||
| 650 |
_aOperative Dental _95917 |
||
| 942 |
_2z _cO_SHELF |
||
| 999 |
_c2365 _d2365 |
||